| 000 | 01074cam a2200229 4500500 | ||
|---|---|---|---|
| 005 | 20260111054057.0 | ||
| 041 | _afre | ||
| 042 | _adc | ||
| 100 | 1 | 0 |
_aMartigny, Vincent _eauthor |
| 700 | 1 | 0 |
_aMonod, Jean-Claude _eauthor |
| 700 | 1 | 0 |
_aPerret, Bernard _eauthor |
| 700 | 1 | 0 |
_aPranchère, Jean-Yves _eauthor |
| 700 | 1 | 0 |
_aSchmid, Lucile _eauthor |
| 700 | 1 | 0 |
_aDujin, Anne _eauthor |
| 700 | 1 | 0 |
_aChalier, Jonathan _eauthor |
| 245 | 0 | 0 | _aOur political crisis |
| 260 | _c2025. | ||
| 500 | _a55 | ||
| 520 | _aWhile the Fifth Republic has experienced many turbulent periods, the current situation, rooted in profound economic and social upheavals, is further discrediting the political class in the eyes of the French people, reinforcing democratic fatigue. This survey of some of the magazine’s friends aims to shed light on the political crisis triggered by the dissolution of June 2024. | ||
| 786 | 0 | _nEsprit | Décembre | 12 | 2025-12-09 | p. 73-84 | 0014-0759 | |
| 856 | 4 | 1 | _uhttps://shs.cairn.info/journal-esprit-2025-12-page-73?lang=en&redirect-ssocas=7080 |
| 999 |
_c1613939 _d1613939 |
||